| 000 | 00000nas##2200000za#4500 |
| 001 | 9.506810 |
| 003 | CaOODSP |
| 005 | 20200331213136 |
| 007 | cr ||||||||||| |
| 008 | 150406c2000||||xxc|| p o||||f| |0eng|d |
| 022 | |a1498-1122 |
| 040 | |aCaOODSP|beng |
| 043 | |an-cn--- |
| 086 | 1 |aTT2-5E-PDF |
| 110 | 2 |aCanadian Transportation Agency. |
| 245 | 14|aThe report of the Air Travel Complaints Commissioner |h[electronic resource] |
| 246 | 1 |aReport of the Air Travel Complaints Commissioner |
| 260 | |aHull - Quebec : |bCanadian Transportation Agency |
| 310 | |aSemi-annual |
| 362 | 1 |a[July 5/December 31, 2000] |
| 690 | 07|aAviation|2gcpds |
| 690 | 07|aComplaints|2gcpds |
| 775 | 08|tRapport du commissaire aux plaintes relatives au transport aérien.|w(CaOODSP)9.503205 |
| 785 | 00|tThe Air Travel Complaints Commissioner's report |w(CaOODSP)9.506812 |